| 000 | 01214nam a22002417a 4500 | ||
|---|---|---|---|
| 005 | 20240530110403.0 | ||
| 008 | 150127s2010 ua bdf f b 000 0 ara d | ||
| 040 | _aEG-CaGPL | ||
| 041 | 0 | _aara | |
| 082 | 0 | 4 |
_221 _a932.014 _bق/ م د |
| 100 | 0 | _aمنال السيد فوزى ابو مصطفى | |
| 245 | 1 | 2 |
_aالدبلوماسية المصرية و السفارات الاجنبية من عهد امنحتب الثالث حتى رعمسيس الثانى : _bحوالى 1390 - 1213 ق . م / _cمنال السيد فوزى ابو مصطفى |
| 260 |
_aالاسكندرية : _bدار المعرفة الجامعية ، _c2010 |
||
| 300 |
_a372 ص : _bايض ؛ _c24 سم |
||
| 504 | _aيشتمل على ببليوجرافية : ص 359 - 372 | ||
| 650 | 0 | 4 |
_aمصر القديمة _xتاريخ |
| 650 | 0 | 4 |
_aمصر القديمة _xالاحوال السياسية _xالدولة الحديثة |
| 650 | 0 | 4 |
_aمصر القديمة _xتاريخ _yعصر امنحتب الثالث |
| 650 | 0 | 4 |
_aمصر القديمة _xتاريخ _yعصر الاسرة التاسعة عشر |
| 650 | 0 | 4 |
_aمصر القديمة _xالعلاقات الخارجية |
| 942 |
_2ddc _cBK |
||
| 999 |
_c60309 _d60309 |
||